Estudio a nivel de prefactibilidad del proyecto, producción del cultivo de piña en la finca Inés del municipio de Nandasmo en Masaya
Presenta el estudio a nivel de prefactibilidad del proyecto, producción del cultivo de piña en la finca Ines del municipio de Nandasmo en Masaya, el cual se realizó mediante la realización de un estudio de mercado de la producción de piña en la finca Ines, un estudio técnico y financiero de l...
| Main Author: | |
|---|---|
| Other Authors: | |
| Format: | Tesis Section = Libro |
| Language: | Undetermined Spanish |
| Published: |
Managua
UNI
2009
|
| Subjects: |
| LEADER | 01157nam a2200253Ia 4500 | ||
|---|---|---|---|
| 008 | 240830s9999 xx 000 0 und d | ||
| 040 | |a BIBLIOTECA-RUPAP T.Mon 338.17 A385 | ||
| 041 | |a spa | ||
| 082 | |a T.Mon 338.17 A385 | ||
| 100 | 1 | |a Alfaro Fonseca, Heydi Patricia | |
| 245 | 1 | 0 | |a Estudio a nivel de prefactibilidad del proyecto, producción del cultivo de piña en la finca Inés del municipio de Nandasmo en Masaya |
| 260 | |a Managua |b UNI |c 2009 | ||
| 300 | |a 95 p. :il. | ||
| 500 | |a Contiene: anexos. | ||
| 502 | |a Tesis (Ingeniero Agrícola)- UNI, 2009. | ||
| 520 | 3 | |a Presenta el estudio a nivel de prefactibilidad del proyecto, producción del cultivo de piña en la finca Ines del municipio de Nandasmo en Masaya, el cual se realizó mediante la realización de un estudio de mercado de la producción de piña en la finca Ines, un estudio técnico y financiero de la producción de piña. | |
| 650 | 7 | |a PIÑA | |
| 650 | 7 | |b PIÑA – PRODUCCION | |
| 650 | 7 | |c PIÑA – INDUSTRIA Y COMERCIO | |
| 650 | 7 | |d PIÑA – MERCADEO | |
| 700 | 1 | |a Tutor: |b Acevedo Ampie, Guillermo José | |
| 942 | |c BK |2 ddc | ||
| 991 | |a TESIS | ||
| 999 | |c 18075 | ||